| 000 | 00521nam a22001937a 4500 | ||
|---|---|---|---|
| 003 | OSt | ||
| 005 | 20160901164922.0 | ||
| 008 | 151009b xxu||||| |||| 00| 0 eng d | ||
| 020 | _a978-1-68094-000-8 | ||
| 040 | _cLIC | ||
| 082 |
_aDC 658.7 _bC548 |
||
| 100 |
_959 _aChoo, Shui |
||
| 245 |
_aSupply chain management/ _cShui Choo |
||
| 260 |
_aNew York _bArcler Press _c2015 |
||
| 300 |
_a308 pages: _bIllustrations (some colored); _c27 cm. |
||
| 500 | _aIncludes index | ||
| 650 | 0 |
_960 _aBusiness logistics |
|
| 942 |
_2ddc _cDC |
||
| 999 |
_c28 _d28 |
||